000 00540nam a22002057a 4500
003 OSt
005 20160722125932.0
008 160722b xxu||||| |||| 00| 0 eng d
020 _a0130206016
040 _cDDC.
082 _a005.43UNI 2001
100 _aNemeth,Evi;
_96748
245 _aUnix System administration Handbook.
250 _a3rd ed.
260 _aNew Jersey.
_bPrentice Hall.
_c2001.
300 _axxxv,853p;
_bill;
_c24cm.
504 _aincludes index.
650 _aSystems administration.
_910354
942 _2ddc
_cO_SHELF
999 _c4825
_d4825